Manuales de educación en derechos humanos

Uloženo v:
Podrobná bibliografie
Korporativní autor: Vicaría de la Solidaridad (Autor)
Médium: Kniha
Jazyk:španělština
Vydáno: Santiago Paulinas 1991
Edice:Programa Derechos Humanos para la Escuela
Témata:
Tagy: Přidat tag
Žádné tagy, Buďte první, kdo vytvoří štítek k tomuto záznamu!

MARC

LEADER 00000nam a2200000 a 4500
001 UCZ2648
003 CL-VaPUC
008 951005e19910700CL |||||||||||||||||spa|d
082 0 4 |a 323  |b VIC  |2 21 
110 2 |a Vicaría de la Solidaridad  |e author  |9 346425 
245 1 0 |a Manuales de educación en derechos humanos 
300 |a 42 p 
942 |c BK 
945 |d 19951005 00:00:00  |a cmena 
260 |a Santiago  |b Paulinas  |c 1991 
650 0 |a Derechos humanos  |9 223025 
650 0 |a Enseñanza  |9 256457 
650 0 |a Métodos de enseñanza  |9 270413 
650 7 |a CASTELLANO  |2 CL-VaPUC  |9 346426 
650 7 |a GUIAS PEDAGOGICAS  |2 CL-VaPUC  |9 346427 
583 |a last modification  |c 19951005 00:00:00  |k Rodrigo Vera 
490 0 |a Programa Derechos Humanos para la Escuela 
999 |c 239210  |d 239208 
952 |0 0  |1 0  |4 0  |6 323_000000000000000_VIC_1991  |7 0  |8 A  |9 250126  |a BIBEDU  |b BIBEDU  |d 2019-11-18  |i 1569279  |o 323 VIC 1991  |p 1569279  |r 2019-11-18  |w 2019-11-18  |y BK  |k EDU